| 000 | 00458nam a2200193Ia 4500 | ||
|---|---|---|---|
| 008 | 180207s9999 xx 000 0 und d | ||
| 020 | _a9780752901855 | ||
| 050 | _bF715 1996 | ||
| 100 | _aForeman, Mark | ||
| 245 | 4 | _aThe travels of Ted / | |
| 245 | _cMark Foreman. | ||
| 260 | _aLondon : | ||
| 260 | _bLeopard Books, | ||
| 260 | _c1996 | ||
| 300 | _aunpaged : | ||
| 300 | _bcolor illustration ; | ||
| 300 | _c20cm. | ||
| 440 | _aSuper storybook. | ||
| 999 |
_c355332 _d355332 |
||